00297nam a2200109Ia 4500008004100000020001800041082001800059100001800077245003700095260004600132300000900178210430s9999 xx 000 0 und d a9788185015897 a539.7 K 171 N aIrving Kaplan aNuclear Physics /cIrving Kaplan aIslamabadbNational Book Foundationc2000 a770p